Письмо без подписи Рихтеру Оттону Борисовичу с просьбой об увольнении от службы

Доступно только в Электронных читальных залах Найти на картеНа карте
RUSMARC
00003832nac2a22002651x 450
00111f45558-da1a-4aeb-ba63-cd767940cbe5
00520131009101612.0
100##$a20130529l1890 k y0rusy50 ca
1010#$arus
102##$aRU
105##$ay z |||||
1220#$ad18901013
2001#$aПисьмо без подписи Рихтеру Оттону Борисовичу с просьбой об увольнении от службы
$j13 октября 1890
215##$a1 лист
251##$cДело
300##$aРукописный текст
324##$aКопия
330##$aДокументальные материалы, отложившиеся в результате творческой деятельности А. Ф. Кони; Документальные материалы, собранные А. Ф. Кони для своих работ; К биографическим очеркам, мемуарам и другим работам А. Ф. Кони
461#0$10013a54f2e3-e9cf-409b-80fa-f0a9bd3c40cb
$12001
$aКони Анатолий Федорович, юрист, литератор, член академии наук, председатель Санкт-Петербургского окружного суда, член государственного совета
$1251
$cФонд
$1852
$j564
462#0$100178a475cd-a47d-4377-bff3-cee4b81de655
$12001
$aОпись дел фонда А. Ф. Кони за 1880-1931 гг.
$1251
$cОпись
$1852
$j1
600#1$aКони
$bА. Ф.
$f1844-1927
$gАнатолий Федорович
600#1$aРихтер
$bО. Б.
$gОттон Борисович
801#0$aRU
$bGA_RF
801#1$aRU
$bНПО Опыт
$c20130529
$2rusmarc
801#2$aRU
$bПБ им. Б.Н. Ельцина
$c20131009
$gRCR
$2rusmarc
852##$aГА РФ
$j366
937##$d38544337
$hПБ
035##$aRuPRLIB51001235
Формат отображения